000 00326nam a22001457a 4500
008 210528b ||||| |||| 00| 0 eng d
020 _a0716703319
041 _aeng
080 _22nd
_a621
082 _a621
100 _a26
101 _aMEK
245 _aElectromagnetic Fields and Waves
_cPaul Lorrain
942 _2udc
_cBK
999 _c57772
_d57772